000
00287nam a2200121Ia 4500
008
220204s9999 xx 000 0 und d
082
_a
678.5
_b
HOR;1
100
_a
Horne, M R
245
0
_a
Plastic theory of structures
250
_a
2
260
_a
New York
_b
Pergamon
_c
1979
942
_c
BK
999
_c
32038
_d
32038